Quiz Napoleon Bonaparte - Statistiques

Statistiques générales
  • Ce quiz a été pris 94 fois
  • Le résultat moyen est 12 sur 15
Statistiques - réponses
Questions Réponses % Correct
Dans quelle ville est-il né ? Ajaccio
98%
En quelle année a eu lieu cet événement ? 1804
95%
De quelle manière arrive t’il au pouvoir ? Coup d’état
93%
Sur quelle île Napoleon est il décédé suite à son ultime exil ? Sainte Hélène
93%
En quelle année a lieu cet événement ? 1799
89%
Quelle est la plus grande défaite de l’Empereur ? Waterloo
88%
Quelle est la plus grande victoire de l’Empereur ? Austerlitz
86%
Quel est le prénom de sa première épouse ? Joséphine
86%
En quelle année est-il né ? 1769
84%
Quelle récompense militaire fut instituée en 1802 par Napoleon ? La Légion d’Honneur
84%
Comment appelait-on l’armée napoléonienne ? La Grande Armée
73%
Dans quel cathédrale a eu lieu son couronnement ? Notre Dame de Paris
67%
Quel fleuve russe porte le nom d’une grande défaite Napoléonienne ? La Bérézina
62%
Sur quelle île méditerranéenne Napoleon fut-il exilé en 1814 ? Île d’Elbe
58%
Comment s’appelle la mère de Napoleon ? Laetitia
23%
Aucun quiz correspondant
Distribution des résultats
% des personnes avec chaque résultat
Percentile par nombre de réponses
Votre historique - résultats
Vous n’avez pas pris ce quiz